Pod hladinou mora

Bibliographic Details
Main Author: Topercer, Emil, 1951- (Author)
Format: Book
Language:Slovak
PhysicalDescription:158 s. fotografie 24 cm
Published: Bratislava Mladé letá 1983
Edition:1. vyd.
Subjects:

MARC

LEADER 00000cam a2200000 a 4500
001 vtls001091249
003 SK-MaSNL
005 20260301062410.0
008 240226s1983 xo o cr 001 0 slo
015 |a SNBA1983/05 
020 |q (viazané) 
035 |a SNK000034091 
035 |a 3C21D72E-D4A4-4DE1-BA90-6DF8C00470C4 
035 |a urn:nbn:sk:snk-am00ign5 
040 |a SNK  |b slo  |c SNK  |e AACR2 
041 0 |a slo 
044 |a xo  |c SK 
072 7 |a 82-93  |x Literatúra pre deti a mládež (beletria)  |2 konspekt 
080 |a 592/599(26)  |2 2001 
080 |a (0:82-4)  |2 2011 
080 |a 82-93-053.6  |2 2011 
100 1 |a Topercer, Emil,  |d 1951-  |4 aut  |9 37217 
245 1 0 |a Pod hladinou mora  |c Emil Topercer 
250 |a 1. vyd. 
260 |a Bratislava  |b Mladé letá  |c 1983  |e Martin  |f Tlačiarne SNP 
300 |a 158 s.  |b fotografie  |c 24 cm 
366 |e 9000 výtl. 
500 |a Fot. na front. a na predsádkach 
504 |a Obsahuje register 
521 8 |a Pre čitateľov od 11 rokov 
650 0 7 |a morské živočíchy  |2 SNKPH  |9 67526 
650 0 7 |a Sea animals  |2 SNKPHeng  |9 316621 
655 7 |a reportáže  |2 SNKPH  |9 28856 
655 7 |a publikácie pre mládež  |2 SNKPH  |9 70434 
655 7 |a Reportage  |2 SNKPHeng  |9 281562 
655 7 |a Juvenile literature  |2 SNKPHeng  |9 278419 
852 |a Slovenská národná knižnica 
954 |a iná literatúra (príručky, kuchárske knihy, hobby literatúra, sprievodcovia) pôvodná (slovenská)  |2 lita 
958 |a OND 
958 |a LX 
958 |a DB 
958 |a TL 
958 |a EUIPO 
999 |c 620490  |d 622420 
952 |a SNK  |b SNK  |y VYP  |7 0  |p 17A0142810  |o snkSC 57973 D1  |0 0  |1 0  |4 0  |d 1998-05-20  |l 0  |r 2004-12-31 00:00:00  |w 2026-02-23 
952 |a SNK  |b SNK  |y PREZ  |7 0  |p 17A0801333  |o snkSC 57973  |i snkKSP 3236/83  |0 0  |1 0  |4 0  |d 2012-08-15  |f 1  |l 0  |r 2025-07-04 00:00:00  |w 2026-02-23